000 00697nam a22001577a 4500
003 OSt
005 20151211154031.0
008 151211b xxu||||| |||| 00| 0 eng d
040 _cRUA
082 _aATM.s HIM 2005 B200 Or.1
100 _94722
_aHIM, VANNA
245 _aEconomic analysis of dry season rice production in prach sdach district prey veng province, ការវិភាគសេដ្ឋកិច្ចផលិតកម្មដំណាំស្រូវប្រាំងរបស់កសិករ នៅស្រុកព្រះស្ដេច ខេត្តព្រៃវែង
260 _aPhnom Penh
_bRUA
_c2005
300 _axii; 42p.
_bill.
_c29cm.
942 _2ddc
_cATMSP
999 _c4401
_d4401